000 00387nam a2200133 a 4500
001 4140
005 20140414131911.0
008 090218s19uu xx 00 eng d
050 _aER
_bC28 2004
100 _aArnold, Tedd
245 _aCatalina Magdalena Hoopensteiner Wallendiner Hogan Bogan was her name /
_cTedd Arnold.
260 _aNew York :
_bScholastic ,
_c2004.
999 _c111203
_d111203